| 000 | 00705nam a2200253 a 4500 | ||
|---|---|---|---|
| 999 |
_c1152 _d1152 |
||
| 008 | 191204s1992 xxua|||| |||| 001 0 eng d | ||
| 020 |
_a9780521435659 _c$ 86.00 |
||
| 040 |
_aKO _beng |
||
| 041 | 0 | _aeng | |
| 044 | _aii | ||
| 082 | 0 | 4 |
_223 _a671.52 _bD2861 |
| 100 | 1 | _aDavies, A. C. | |
| 245 | 1 | 0 |
_aThe Science and Practice of Welding : _bVolume 1 Welding Science and Technology / _cA. C. Davies |
| 250 | _a10th ed. | ||
| 260 |
_aNew York : _bCambridge University Press, _c1992 |
||
| 300 |
_axiii, 347 p. : _bill. ; _c23 cm. |
||
| 504 | _aIncludes index. | ||
| 650 | 0 |
_aWelding _vTextbooks |
|
| 650 | 0 | _aMetallurgy | |
| 650 | 0 | _aWelding--Notation | |
| 904 | _aS_JOY | ||
| 942 | _cBK | ||